Filosofía política y educación superior

Salvato in:
Dettagli Bibliografici
Autore principale: Leal Arias, Fernando Antonio
Natura: Libro
Lingua:Undetermined
Pubblicazione: San José, Costa Rica Editorial de la Universidad de Costa Rica 1979
Soggetti:
Tags: Aggiungi Tag
Nessun Tag, puoi essere il primo ad aggiungerne!!

MARC

LEADER 00000nam a2200000Ia 4500
008 170316s9999 xx 000 0 und d
090 |a 100 L-25f 
100 |a Leal Arias, Fernando Antonio 
245 |a Filosofía política y educación superior 
260 |a San José, Costa Rica 
260 |b Editorial de la Universidad de Costa Rica 
260 |c 1979 
300 |a 107 páginas 
650 |a FILOSOFÍA 
650 |a UTOPÍA - UNIVERSIDAD 
650 |a UNIVERSIDAD - RELACIONES CON LA SOCIEDAD 
650 |a UNIVERSIDAD - RELACIONES CON EL ESTADO 
650 |a LA POLÍTICA 
650 |a LA EDUCACIÓN 
999 |c 16744  |d 16744 
040 |a cru BVZT 
942 |c 15 D  |h 100 L-25f  |2 z